Emergency (Record no. 532140)
[ view plain ]
| 000 -LEADER | |
|---|---|
| fixed length control field | 00736 a2200265 4500 |
| 001 - CONTROL NUMBER | |
| control field | 92385 |
| 003 - CONTROL NUMBER IDENTIFIER | |
| control field | NUST |
| 005 - DATE AND TIME OF LATEST TRANSACTION | |
| control field | 20191111113632.0 |
| 008 - FIXED-LENGTH DATA ELEMENTS--GENERAL INFORMATION | |
| fixed length control field | 170602b xxu||||| |||| 00| 0 eng d |
| 038 ## - RECORD CONTENT LICENSOR | |
| Staff Name | MSOHAIL |
| 040 ## - CATALOGING SOURCE | |
| Transcribing agency | NUST |
| 082 ## - DEWEY DECIMAL CLASSIFICATION NUMBER | |
| Classification number | 891.4393 |
| Author Mark | SID |
| 100 ## - MAIN ENTRY--PERSONAL NAME | |
| Personal name | Salik Siddique |
| 9 (RLIN) | 1898 |
| 245 ## - TITLE STATEMENT | |
| Title | Emergency |
| Statement of responsibility, etc. | Salik Sidique |
| 260 ## - PUBLICATION, DISTRIBUTION, ETC. | |
| Place of publication, distribution, etc. | Lahore |
| Name of publisher, distributor, etc. | Al-Faisal |
| Date of publication, distribution, etc. | 2006 |
| 300 ## - PHYSICAL DESCRIPTION | |
| Extent | 219 p. |
| 500 ## - GENERAL NOTE | |
| General note | Novel |
| 546 ## - LANGUAGE NOTE | |
| Language note | In Urdu |
| 610 ## - SUBJECT ADDED ENTRY--CORPORATE NAME | |
| Corporate name or jurisdiction name as entry element | saluet-militray life |
| 9 (RLIN) | 1899 |
| 650 ## - SUBJECT ADDED ENTRY--TOPICAL TERM | |
| Topical term or geographic name entry element | Urdu Literature- Novel |
| 9 (RLIN) | 1164 |
| 880 ## - ALTERNATE GRAPHIC REPRESENTATION | |
| Title | ایمرجنسی |
| Linkage | 245-02\(3\r |
| c | صدیق سالک |
| 880 ## - ALTERNATE GRAPHIC REPRESENTATION | |
| Title | صدیق سالک |
| Linkage | 100-01\(3\r |
| 880 ## - ALTERNATE GRAPHIC REPRESENTATION | |
| Title | لاہور: |
| Linkage | 260-03\(3\r |
| b | الفیصل ناشران، |
| c | 2006 |
| 942 ## - ADDED ENTRY ELEMENTS (KOHA) | |
| Source of classification or shelving scheme | |
| Koha item type | Book |
| Withdrawn status | Lost status | Source of classification or shelving scheme | Damaged status | Not for loan | Permanent Location | Current Location | Date acquired | Total Checkouts | Full call number | Barcode | Date last seen | Price effective from | Koha item type |
|---|---|---|---|---|---|---|---|---|---|---|---|---|---|
| School of Civil and Environmental Engineering (SCEE) | School of Civil and Environmental Engineering (SCEE) | 11/11/2019 | 891.4393 SID | NIT-12055 | 11/11/2019 | 11/11/2019 | Book |
